[Event "Agzamov Memorial 10th"]
[Site "Tashkent"]
[Date "2016.04.25"]
[Round "8"]
[White "Rustamov, Alisher"]
[Black "Faizulaev, Akmal"]
[Result "1-0"]
[WhiteElo "2210"]
[BlackElo "2387"]
[PlyCount "54"]
[EventDate "2016.04.18"]
[EventType "swiss"]
[EventRounds "9"]
[EventCountry "UZB"]
[SourceTitle "CBM 172 Extra"]
[Source "ChessBase"]
[SourceDate "2016.06.21"]
[SourceVersion "1"]
[SourceVersionDate "2016.06.21"]
[SourceQuality "1"]

1. e4 c5 2. Nf3 Nc6 3. Nc3 g6 4. d4 cxd4 5. Nxd4 Bg7 6. Be3 Nf6 7. Be2 0-0 8. Qd2 d6 9. 0-0-0 Bd7 10. h4 h5 11. f3 Ne5 12. Kb1 Rc8 13. Nd5 Nxd5 14. exd5 Qc7 15. Bh6 Nc4 16. Bxc4 Qxc4 17. Bxg7 Kxg7 18. g4 Rh8 19. Qf4 Kf8 20. Rhe1 hxg4 21. fxg4 Rc5 22. Qe4 Kg7 23. h5 Re8 24. hxg6 fxg6 25. Rh1 Qxd5 26. Qf4 Rg8 27. Rdf1 Bc8 1-0

[Event "Agzamov Memorial 10th"]
[Site "Tashkent"]
[Date "2016.04.24"]
[Round "7"]
[White "Amonatov, Farrukh"]
[Black "Rustamov, Alisher"]
[Result "1-0"]
[WhiteElo "2602"]
[BlackElo "2210"]
[PlyCount "63"]
[EventDate "2016.04.18"]
[EventType "swiss"]
[EventRounds "9"]
[EventCountry "UZB"]
[SourceTitle "CBM 172 Extra"]
[Source "ChessBase"]
[SourceDate "2016.06.21"]
[SourceVersion "1"]
[SourceVersionDate "2016.06.21"]
[SourceQuality "1"]

1. e4 d6 2. d4 Nf6 3. Nc3 c6 4. Bg5 Nbd7 5. Qd2 b5 6. f3 Qa5 7. Bd3 e5 8. Nge2 b4 9. Nd1 h6 10. Be3 d5 11. Nf2 c5 12. dxe5 Nxe5 13. exd5 Nxd3+ 14. Nxd3 c4 15. Ne5 Ba6 16. Nf4 g5 17. Nc6 Qc7 18. Bd4 Bg7 19. Qxb4 gxf4 20. 0-0-0 Kd7 21. Qe7+ Kc8 22. Bxf6 Bxf6 23. Qxf6 Kb7 24. Nb4 Bb5 25. d6 Qd7 26. Rhe1 Rhe8 27. Re7 Rxe7 28. dxe7 Qe6 29. Nd5 Bc6 30. Qxe6 fxe6 31. Nf6 Kc7 32. Rd4 1-0

[Event "Agzamov Memorial 10th"]
[Site "Tashkent"]
[Date "2016.04.19"]
[Round "2"]
[White "Rustamov, Alisher"]
[Black "Zubarev, Alexander2222"]
[Result "0-1"]
[WhiteElo "2210"]
[BlackElo "2546"]
[PlyCount "66"]
[EventDate "2016.04.18"]
[EventType "swiss"]
[EventRounds "9"]
[EventCountry "UZB"]
[SourceTitle "CBM 172 Extra"]
[Source "ChessBase"]
[SourceDate "2016.06.21"]
[SourceVersion "1"]
[SourceVersionDate "2016.06.21"]
[SourceQuality "1"]

1. e4 c5 2. Nc3 a6 3. g3 b5 4. Bg2 Bb7 5. d3 e6 6. Qe2 Nc6 7. Nf3 d6 8. 0-0 Be7 9. Nd1 Nf6 10. c3 0-0 11. Ne3 Re8 12. h4 Bf8 13. Ng5 h6 14. Nh3 d5 15. f4 d4 16. cxd4 Nxd4 17. Qf2 Qd7 18. g4 h5 19. gxh5 Nxh5 20. Kh2 Rad8 21. Rg1 f5 22. Ng5 Nxf4 23. Nxf5 Nxd3 24. Qf1 exf5 25. Qxd3 Bd6+ 26. Kh1 fxe4 27. Qd1 Nf3 28. Bh3 e3 29. Bxd7 Nxg5+ 30. Rg2 e2 31. Qe1 Nf3 32. Rxg7+ Kxg7 33. Qc3+ Nd4+ 0-1

[Event "UZB-ch 1st League"]
[Site "Tashkent"]
[Date "2016.02.21"]
[Round "10"]
[White "Rustamov, Alisher"]
[Black "Sindarov, Javokhir"]
[Result "0-1"]
[WhiteElo "2150"]
[BlackElo "2224"]
[PlyCount "90"]
[EventDate "2016.02.12"]
[EventType "tourn"]
[EventRounds "11"]
[EventCountry "UZB"]
[EventCategory "1"]
[SourceTitle "CBM 171 Extra"]
[Source "ChessBase"]
[SourceDate "2016.04.26"]
[SourceVersion "1"]
[SourceVersionDate "2016.04.26"]
[SourceQuality "1"]

1. e4 e5 2. Nf3 Nc6 3. Nc3 Nf6 4. g3 d5 5. exd5 Nxd5 6. Bg2 Nxc3 7. bxc3 Bc5 8. 0-0 0-0 9. d3 Bg4 10. h3 Bh5 11. g4 Bg6 12. Bg5 f6 13. Be3 Bb6 14. Nh4 Bf7 15. c4 Rb8 16. Nf5 Ne7 17. Be4 Nxf5 18. gxf5 c6 19. Kh2 Bxe3 20. fxe3 b5 21. cxb5 cxb5 22. Qf3 Rc8 23. Rf2 Kh8 24. Rg2 Rg8 25. a4 b4 26. a5 Rc3 27. a6 Qd6 28. Qg3 Qc5 29. Qf2 Rc8 30. Qg3 Rg8 31. Qf2 Rc8 32. Qg3 Qf8 33. Bb7 R8c7 34. Qf2 Qc5 35. Qg3 Bg8 36. Rd1 Rxc2 37. d4 Qd6 38. Bf3 Rxg2+ 39. Kxg2 Qe7 40. d5 Qd6 41. Qg4 b3 42. Rd2 Qa3 43. Qe4 Qc1 44. Qd3 b2 45. Be4 b1Q 0-1

[Event "UZB-ch 1st League"]
[Site "Tashkent"]
[Date "2016.02.17"]
[Round "6"]
[White "Jumanov, Elbek"]
[Black "Rustamov, Alisher"]
[Result "0-1"]
[WhiteElo "2215"]
[BlackElo "2150"]
[PlyCount "96"]
[EventDate "2016.02.12"]
[EventType "tourn"]
[EventRounds "11"]
[EventCountry "UZB"]
[EventCategory "1"]
[SourceTitle "CBM 171 Extra"]
[Source "ChessBase"]
[SourceDate "2016.04.26"]
[SourceVersion "1"]
[SourceVersionDate "2016.04.26"]
[SourceQuality "1"]

1. c4 g6 2. Nf3 Bg7 3. g3 d6 4. Bg2 e5 5. Nc3 f5 6. d3 Nf6 7. 0-0 Nc6 8. Rb1 h6 9. b4 g5 10. b5 Ne7 11. a4 Be6 12. Ba3 b6 13. Bb4 0-0 14. a5 Qd7 15. Ra1 Rab8 16. axb6 axb6 17. Ra7 Nc8 18. Ra6 f4 19. Re1 Bh3 20. Bh1 Qf7 21. Qc2 Ne7 22. Ra7 Nf5 23. Nd5 Nxd5 24. cxd5 Rbc8 25. d4 exd4 26. g4 Bxg4 27. Rc1 Bh3 28. Bg2 Bxg2 29. Kxg2 g4 30. Nd2 Rfe8 31. Rxc7 Qxd5+ 32. Kg1 Rxc7 33. Qxc7 Rxe2 34. Qc6 Qe6 35. Qc8+ Qxc8 36. Rxc8+ Kh7 37. Kf1 d3 38. Rc7 Kg6 39. Rc6 g3 40. hxg3 fxg3 41. Bxd6 Rxf2+ 42. Kg1 Kh5 43. Ne4 Re2 44. Nxg3+ Nxg3 45. Bxg3 Bd4+ 46. Kf1 Rb2 47. Rc1 Kg4 48. Bd6 Rf2+ 0-1

[Event "UZB-ch qual"]
[Site "Tashkent"]
[Date "2015.04.25"]
[Round "4"]
[White "Yusupov, Sarvar"]
[Black "Rustamov, Alisher"]
[Result "0-1"]
[WhiteElo "2086"]
[BlackElo "2170"]
[PlyCount "76"]
[EventDate "2015.04.21"]
[EventType "tourn"]
[EventRounds "9"]
[EventCountry "UZB"]
[SourceTitle "CBM 166 Extra"]
[Source "ChessBase"]
[SourceDate "2015.06.18"]
[SourceVersion "1"]
[SourceVersionDate "2015.06.18"]
[SourceQuality "1"]

1. d4 g6 2. c4 Bg7 3. Nc3 d6 4. e4 Nf6 5. f3 Nc6 6. Be3 a6 7. Be2 0-0 8. Qd2 e5 9. d5 Nd4 10. g4 c5 11. h4 b5 12. h5 bxc4 13. Nh3 a5 14. hxg6 fxg6 15. Ng5 a4 16. Ne6 Nxe6 17. dxe6 Bxe6 18. Rd1 a3 19. bxa3 Qa5 20. Qxd6 Ra6 21. Qd2 Qxa3 22. 0-0 Qa5 23. Nd5 Bxd5 24. exd5 c3 25. Qc2 Rb6 26. Bc4 Kh8 27. Qd3 Ne8 28. Bg5 Nd6 29. Be7 Re8 30. Bxd6 Rxd6 31. Rb1 Qc7 32. Kg2 Qe7 33. Qe4 Qg5 34. Kh3 Rf8 35. Qe2 Rdf6 36. Rb7 c2 37. d6 c1Q 38. Rxc1 Rxf3+ 0-1

[Event "UZB-ch qual"]
[Site "Tashkent"]
[Date "2015.04.24"]
[Round "3"]
[White "Rustamov, Alisher"]
[Black "Karimov, Ibragim"]
[Result "1-0"]
[WhiteElo "2170"]
[BlackElo "2253"]
[PlyCount "105"]
[EventDate "2015.04.21"]
[EventType "tourn"]
[EventRounds "9"]
[EventCountry "UZB"]
[SourceTitle "CBM 166 Extra"]
[Source "ChessBase"]
[SourceDate "2015.06.18"]
[SourceVersion "1"]
[SourceVersionDate "2015.06.18"]
[SourceQuality "1"]

1. e4 g6 2. Nc3 Bg7 3. g3 c5 4. Bg2 Nc6 5. d3 e6 6. Be3 d6 7. Nh3 Nge7 8. 0-0 b6 9. Qd2 h6 10. Rae1 Bb7 11. f4 Qd7 12. f5 gxf5 13. exf5 exf5 14. Nf4 0-0-0 15. Nfd5 Nxd5 16. Nxd5 Rde8 17. c3 Ne5 18. Bf4 Kb8 19. b4 cxb4 20. Nxb4 Bxg2 21. Qxg2 Qb7 22. Bxe5 Qxg2+ 23. Kxg2 dxe5 24. Rxf5 f6 25. Re4 Rhf8 26. Kf3 Kb7 27. c4 Rd8 28. Nd5 b5 29. Rg4 Rf7 30. Ke4 bxc4 31. dxc4 Rc8 32. Kd3 Rd7 33. Re4 Rc6 34. Re2 Ra6 35. Rb2+ Kc6 36. Kc3 Ra3+ 37. Rb3 Ra5 38. g4 Kc5 39. Rf2 a6 40. h3 Bh8 41. a4 h5 42. Rb8 Bg7 43. Rc8+ Kd6 44. Kb4 Rxd5 45. cxd5 hxg4 46. hxg4 Kxd5 47. Rd2+ Ke6 48. Rc6+ Ke7 49. Rxd7+ Kxd7 50. Rxa6 Bf8+ 51. Kc4 Be7 52. Kd5 Bd8 53. Ra7+ 1-0

[Event "UZB-ch qual"]
[Site "Tashkent"]
[Date "2015.04.22"]
[Round "1"]
[White "Abdisalimov, Abdimalik"]
[Black "Rustamov, Alisher"]
[Result "1-0"]
[WhiteElo "2125"]
[BlackElo "2170"]
[PlyCount "111"]
[EventDate "2015.04.21"]
[EventType "tourn"]
[EventRounds "9"]
[EventCountry "UZB"]
[SourceTitle "CBM 166 Extra"]
[Source "ChessBase"]
[SourceDate "2015.06.18"]
[SourceVersion "1"]
[SourceVersionDate "2015.06.18"]
[SourceQuality "1"]

1. e4 g6 2. c4 Bg7 3. d4 d6 4. Nc3 Nf6 5. f3 0-0 6. Be3 Nc6 7. Nge2 Rb8 8. Qd2 a6 9. Nc1 e5 10. d5 Nd4 11. N1e2 Nxe2 12. Bxe2 c5 13. a3 Ne8 14. Rb1 b6 15. b4 Rb7 16. h3 f5 17. g4 Nf6 18. Kd1 fxe4 19. fxe4 Rbf7 20. Kc2 Nd7 21. g5 Qc7 22. Kb3 cxb4 23. axb4 a5 24. Nb5 Qb8 25. bxa5 bxa5 26. Ka2 Ba6 27. Qxa5 Bxb5 28. Rxb5 Qc8 29. Qb4 Nc5 30. Bxc5 dxc5 31. Qxc5 Rf2 32. Re1 Qxh3 33. Rb3 Qg2 34. Qe3 R8f3 35. Qxf3 Rxf3 36. Rxf3 Bf8 37. Kb3 Qxg5 38. Rd1 Qd8 39. Rxf8+ Kxf8 40. c5 Qa5 41. Rc1 Qd2 42. Rf1+ Kg7 43. Bc4 Qa5 44. c6 Qb6+ 45. Kc3 h5 46. Rd1 Qa5+ 47. Kb3 Qb6+ 48. Kc3 Qa5+ 49. Kb2 Qc7 50. Bb3 Qd6 51. Rc1 Qc7 52. Rc3 Kf6 53. d6 Qb6 54. c7 Qf2+ 55. Ka3 Qa7+ 56. Ba4 1-0

[Event "Tashkent IM 02"]
[Site "Tashkent"]
[Date "2015.03.01"]
[Round "5"]
[White "Kuybokarov, Temur"]
[Black "Rustamov, Alisher"]
[Result "1/2-1/2"]
[WhiteElo "2274"]
[BlackElo "2211"]
[PlyCount "111"]
[EventDate "2015.02.27"]
[EventType "tourn"]
[EventRounds "9"]
[EventCountry "UZB"]
[EventCategory "2"]
[SourceTitle "CBM 165 Extra"]
[Source "ChessBase"]
[SourceDate "2015.04.21"]
[SourceVersion "1"]
[SourceVersionDate "2015.04.21"]
[SourceQuality "1"]

1. e4 g6 2. d4 Bg7 3. Nf3 d6 4. Be2 Nf6 5. Nc3 0-0 6. 0-0 Nc6 7. d5 Nb8 8. Re1 e5 9. dxe6 Bxe6 10. Nd4 Bd7 11. Bg5 h6 12. Bh4 Nc6 13. Nb3 g5 14. Bg3 Re8 15. f3 Nh5 16. Bf2 Nf4 17. Bf1 Ne5 18. Be3 Nfg6 19. Nd5 c6 20. Nc3 Qf6 21. a4 g4 22. Nd4 gxf3 23. Nxf3 Bg4 24. Be2 Nf4 25. Bxf4 Qxf4 26. Nxe5 Bxe2 27. Nxe2 Qxe5 28. Ng3 Qxb2 29. Rb1 Qd4+ 30. Kh1 Qxd1 31. Rexd1 Rab8 32. Rxd6 Be5 33. Rxh6 Bxg3 34. hxg3 Rxe4 35. Rxc6 Rxa4 36. Rc7 b5 37. Rd1 Kg7 38. Rf1 Rf8 39. Kg1 a6 40. Rd1 a5 41. Ra7 b4 42. Rd5 Ra1+ 43. Kf2 Ra2 44. Rg5+ Kf6 45. Raxa5 Rxc2+ 46. Kg1 Rb8 47. Rgb5 Rxb5 48. Rxb5 Rb2 49. Kh2 b3 50. g4 Rb1 51. Kg3 Ke6 52. Rb7 f6 53. Kf4 b2 54. Kg3 Ke5 55. Rb8 Kd4 56. Rd8+ 1/2-1/2

[Event "Tashkent IM 02"]
[Site "Tashkent"]
[Date "2015.02.27"]
[Round "1"]
[White "Rustamov, Alisher"]
[Black "Abdusattorov, Nodirbek"]
[Result "0-1"]
[WhiteElo "2211"]
[BlackElo "2193"]
[PlyCount "166"]
[EventDate "2015.02.27"]
[EventType "tourn"]
[EventRounds "9"]
[EventCountry "UZB"]
[EventCategory "2"]
[SourceTitle "CBM 165 Extra"]
[Source "ChessBase"]
[SourceDate "2015.04.21"]
[SourceVersion "1"]
[SourceVersionDate "2015.04.21"]
[SourceQuality "1"]

1. e4 e5 2. f4 d5 3. exd5 exf4 4. Nf3 Nf6 5. Bb5+ c6 6. dxc6 Nxc6 7. d4 Qa5+ 8. Nc3 Bb4 9. Qe2+ Be6 10. Bd2 0-0 11. 0-0 Rfe8 12. a3 Bxc3 13. Bxc3 Qb6 14. Bxc6 bxc6 15. Ne5 Nd5 16. Qd2 Bf5 17. Kh1 f6 18. Nc4 Qa6 19. b3 Re6 20. Rae1 Rae8 21. Nd6 Re2 22. Rxe2 Rxe2 23. Re1 Bg4 24. Bb2 Re6 25. c4 Ne3 26. Qb4 h6 27. h3 Kh7 28. Qc5 Bd1 29. Bc1 Bc2 30. Nf5 Bxf5 31. Rxe3 Rxe3 32. Qxf5+ Kh8 33. Bxe3 fxe3 34. Qe6 Qxa3 35. Qxe3 Qd6 36. Qe8+ Kh7 37. Qe4+ Kg8 38. b4 Kf7 39. b5 c5 40. Qb7+ Kg6 41. Qe4+ Kf7 42. dxc5 Qxc5 43. Qb7+ Kg6 44. Qe4+ Kf7 45. h4 f5 46. Qb7+ Kf6 47. Qa6+ Kf7 48. h5 f4 49. Qg6+ Kf8 50. Kh2 Qxc4 51. Qd6+ Kf7 52. Qd7+ Kg8 53. Qxa7 Qxb5 54. Qa8+ Kf7 55. Qf3 Qg5 56. Qb7+ Kf6 57. Qc6+ Ke5 58. Qe8+ Kd5 59. Qf7+ Kd6 60. Qf8+ Ke6 61. Qc8+ Ke5 62. Qe8+ Kd4 63. Qd7+ Ke4 64. Qc6+ Kd4 65. Qd7+ Ke4 66. Qc6+ Qd5 67. Qc2+ Kd4 68. Qd2+ Ke5 69. Qc3+ Qd4 70. Qc7+ Kf5 71. Qc2+ Qe4 72. Qc7 Qe5 73. Qf7+ Kg4 74. Qg6+ Kh4 75. Qb1 Kxh5 76. Qd1+ Kh4 77. Qf3 Qe3 78. Qc6 h5 79. Qd7 g5 80. Qd1 Qe5 81. Kh1 g4 82. Qc1 Qe3 83. Qd1 Kg3 0-1

[Event "Agzamov Memorial 08th"]
[Site "Tashkent"]
[Date "2014.05.16"]
[Round "2"]
[White "Rustamov, Alisher"]
[Black "Volkov, Sergey"]
[Result "0-1"]
[WhiteElo "2187"]
[BlackElo "2584"]
[PlyCount "84"]
[EventDate "2014.05.15"]
[EventType "swiss"]
[EventRounds "9"]
[EventCountry "UZB"]
[SourceTitle "CBM 160 Extra"]
[Source "ChessBase"]
[SourceDate "2014.07.01"]
[SourceVersion "1"]
[SourceVersionDate "2014.07.01"]
[SourceQuality "1"]

1. e4 e6 2. d4 d5 3. Nc3 Nf6 4. Bg5 Bb4 5. e5 h6 6. Bd2 Bxc3 7. bxc3 Ne4 8. Qg4 Kf8 9. Bd3 Nxd2 10. Kxd2 c5 11. h4 Nc6 12. Rh3 c4 13. Be2 b5 14. Rg3 Rg8 15. Qf4 Bd7 16. Bh5 Be8 17. Ne2 a5 18. Qf3 b4 19. Nf4 Ke7 20. Rb1 Rb8 21. Rd1 bxc3+ 22. Qxc3 Qb6 23. Ne2 Qb4 24. f4 Bd7 25. Bf3 g6 26. h5 gxh5 27. Rh3 Na7 28. a3 Qa4 29. f5 Nb5 30. Qe3 Nxa3 31. f6+ Kd8 32. Rc1 Rb2 33. Qc3 Qb4 34. Rxh5 Ba4 35. Qxb4 axb4 36. Ke1 Nxc2+ 37. Kf1 c3 38. Rxh6 Bb5 39. Rh7 Rf8 40. Kg1 Bxe2 41. Bxe2 Nxd4 42. Bh5 c2 0-1

[Event "Agzamov Memorial 07th"]
[Site "Tashkent"]
[Date "2013.04.16"]
[Round "3"]
[White "Rustamov, Alisher"]
[Black "Arutyunyan, Armen"]
[Result "1-0"]
[WhiteElo "2199"]
[BlackElo "2042"]
[PlyCount "75"]
[EventDate "2013.04.14"]
[EventType "swiss"]
[EventRounds "9"]
[EventCountry "UZB"]
[SourceTitle "CBM 154 Extra"]
[Source "ChessBase"]
[SourceDate "2013.06.25"]
[SourceVersion "2"]
[SourceVersionDate "2013.06.25"]
[SourceQuality "1"]

1. e4 c5 2. Nc3 Nc6 3. g3 g6 4. Bg2 Bg7 5. d3 d6 6. Be3 e6 7. Qd2 Nd4 8. Nd1 Ne7 9. c3 Ndc6 10. Bh6 0-0 11. h4 f6 12. Bxg7 Kxg7 13. f4 h5 14. Nh3 d5 15. Ndf2 b5 16. 0-0 Rb8 17. a3 a5 18. Qe2 b4 19. axb4 axb4 20. g4 hxg4 21. Qxg4 Rh8 22. Qg3 Qc7 23. Bf3 Kf7 24. Ng4 bxc3 25. bxc3 Rb3 26. Qe1 d4 27. e5 f5 28. Ng5+ Kf8 29. Nf6 Rxc3 30. Ra8 Nd8 31. h5 Rxd3 32. Qh4 Rxf3 33. Rxf3 Qb7 34. Ra1 gxh5 35. Ngh7+ Kg7 36. Rg3+ Ng6 37. Ne8+ Kf7 38. Nd6+ 1-0

[Event "Agzamov Memorial 07th"]
[Site "Tashkent"]
[Date "2013.04.15"]
[Round "2"]
[White "Filippov, Anton"]
[Black "Rustamov, Alisher"]
[Result "1-0"]
[WhiteElo "2652"]
[BlackElo "2199"]
[PlyCount "117"]
[EventDate "2013.04.14"]
[EventType "swiss"]
[EventRounds "9"]
[EventCountry "UZB"]
[SourceTitle "CBM 154 Extra"]
[Source "ChessBase"]
[SourceDate "2013.06.25"]
[SourceVersion "2"]
[SourceVersionDate "2013.06.25"]
[SourceQuality "1"]

1. e4 g6 2. d4 Bg7 3. Nf3 c6 4. c4 d6 5. Nc3 Nf6 6. h3 0-0 7. Bd3 e5 8. d5 c5 9. g4 Na6 10. Be3 Nc7 11. Nd2 Bd7 12. Qe2 Rb8 13. f3 Qe8 14. h4 b5 15. cxb5 Nxb5 16. Nxb5 Bxb5 17. Bxb5 Rxb5 18. Nc4 Qb8 19. h5 Rd8 20. Bd2 Rd7 21. Bc3 Rdb7 22. Qd2 Nd7 23. 0-0-0 Nb6 24. Na3 Rb4 25. hxg6 hxg6 26. Bxb4 cxb4 27. Nc2 Nc4 28. Qd3 b3 29. axb3 Nb6 30. Qa6 Nd7 31. b4 Bf6 32. Kb1 Bg5 33. Ka1 Rb6 34. Qc4 Rb5 35. Qc6 Nf8 36. Qa6 Rb6 37. Qa2 Qc8 38. Kb1 Ra6 39. Qb3 Rb6 40. Qc3 Qa6 41. Rd3 Qb5 42. Na3 Qa4 43. b5 Rb8 44. Qc7 Rd8 45. Ka2 Rd7 46. Qc3 Bd8 47. b3 Qa5 48. Qxa5 Bxa5 49. Rc1 Rb7 50. Rc4 Nd7 51. b4 Bc7 52. Rdc3 Bb8 53. Kb3 Kg7 54. Rc6 Nb6 55. Nc4 Nxc4 56. Kxc4 Kf6 57. b6 axb6 58. Kb5 Rd7 59. Rc8 1-0

[Event "UZB-ch 1st league"]
[Site "Tashkent"]
[Date "2013.03.22"]
[Round "12"]
[White "Alikulov, Elbek"]
[Black "Rustamov, Alisher"]
[Result "0-1"]
[WhiteElo "2192"]
[BlackElo "2226"]
[PlyCount "80"]
[EventDate "2013.03.11"]
[EventType "tourn"]
[EventRounds "13"]
[EventCountry "UZB"]
[SourceTitle "EXT 2014"]
[Source "ChessBase"]
[SourceDate "2013.11.20"]
[SourceVersion "1"]
[SourceVersionDate "2013.11.20"]
[SourceQuality "1"]

1. e4 e5 2. Nf3 Nc6 3. Bb5 f5 4. Nc3 fxe4 5. Nxe4 Nf6 6. Qe2 d5 7. Neg5 e4 8. Ne5 Ng4 9. Nxc6 Qxg5 10. f4 Qh4+ 11. g3 Qh3 12. Nxa7+ Bd7 13. Bxd7+ Kxd7 14. Nb5 Bc5 15. Nc3 Bf2+ 16. Kd1 Bxg3 17. Rf1 Nxh2 18. Rh1 c6 19. d4 exd3 20. Qxd3 Rae8 21. Ne2 Rxe2 22. Qxe2 Re8 23. Be3 d4 24. Qd2 Qg4+ 25. Kc1 Rxe3 26. Qxd4+ Kc8 27. Rd1 Re8 28. Kb1 Qxd1+ 29. Qxd1 Re1 30. Qxe1 Bxe1 31. a4 h5 32. Ra3 Ng4 33. Kc1 h4 34. Kd1 Bg3 35. Ke2 Bxf4 36. a5 g5 37. a6 bxa6 38. Rxa6 Kb7 39. Ra1 Ne5 40. b4 h3 0-1

[Event "UZB-ch 1st league"]
[Site "Tashkent"]
[Date "2013.03.18"]
[Round "8"]
[White "Shaymuratov, Inomjon"]
[Black "Rustamov, Alisher"]
[Result "1-0"]
[WhiteElo "2176"]
[BlackElo "2226"]
[PlyCount "59"]
[EventDate "2013.03.11"]
[EventType "tourn"]
[EventRounds "13"]
[EventCountry "UZB"]
[SourceTitle "EXT 2014"]
[Source "ChessBase"]
[SourceDate "2013.11.20"]
[SourceVersion "1"]
[SourceVersionDate "2013.11.20"]
[SourceQuality "1"]

1. e4 g6 2. d4 Bg7 3. Nc3 d6 4. f4 Nc6 5. Be3 Nf6 6. Nf3 0-0 7. d5 Nb8 8. Bd3 e6 9. dxe6 Bxe6 10. 0-0 Nc6 11. f5 Bd7 12. Qd2 Ng4 13. Bg5 f6 14. Bf4 Nge5 15. Kh1 Be8 16. Nd5 Bf7 17. Be2 Ne7 18. Ne3 gxf5 19. exf5 Kh8 20. Rad1 Ng8 21. Qe1 Qe8 22. Qh4 Qa4 23. a3 Rae8 24. Nd4 a6 25. Bh5 Ne7 26. Bxf7 Rxf7 27. Qh5 N7c6 28. b3 Qa5 29. Nxc6 bxc6 30. Nc4 1-0

[Event "UZB-ch 1st league"]
[Site "Tashkent"]
[Date "2013.03.15"]
[Round "5"]
[White "Artemenko, Oleg"]
[Black "Rustamov, Alisher"]
[Result "1-0"]
[WhiteElo "2204"]
[BlackElo "2226"]
[PlyCount "65"]
[EventDate "2013.03.11"]
[EventType "tourn"]
[EventRounds "13"]
[EventCountry "UZB"]
[SourceTitle "EXT 2014"]
[Source "ChessBase"]
[SourceDate "2013.11.20"]
[SourceVersion "1"]
[SourceVersionDate "2013.11.20"]
[SourceQuality "1"]

1. e4 g6 2. d4 Bg7 3. Nf3 d6 4. Be2 Nf6 5. Nc3 0-0 6. 0-0 Nc6 7. d5 Nb8 8. Re1 e5 9. dxe6 Bxe6 10. Nd4 Bd7 11. Bg5 h6 12. Bh4 Nc6 13. Nb3 Re8 14. f3 a5 15. a4 Nb4 16. Bf1 g5 17. Bf2 Nh5 18. g3 b6 19. Nd4 Nf6 20. Qd2 Qc8 21. Ndb5 Nc6 22. f4 gxf4 23. gxf4 Kh8 24. Kh1 Rg8 25. Bg2 Bh3 26. Rg1 Bxg2+ 27. Rxg2 Qd7 28. Rag1 Rae8 29. f5 Qe7 30. Bh4 Kh7 31. Nd5 Nxe4 32. Nxe7 Nxd2 33. Nxg8 1-0

[Event "UZB-ch 1st league"]
[Site "Tashkent"]
[Date "2013.03.14"]
[Round "4"]
[White "Rustamov, Alisher"]
[Black "Vakhidov, Jahongir"]
[Result "0-1"]
[WhiteElo "2226"]
[BlackElo "2414"]
[PlyCount "96"]
[EventDate "2013.03.11"]
[EventType "tourn"]
[EventRounds "13"]
[EventCountry "UZB"]
[SourceTitle "EXT 2014"]
[Source "ChessBase"]
[SourceDate "2013.11.20"]
[SourceVersion "1"]
[SourceVersionDate "2013.11.20"]
[SourceQuality "1"]

1. e4 d5 2. exd5 Qxd5 3. Nc3 Qd6 4. d4 Nf6 5. Nf3 g6 6. Ne5 Bg7 7. Bf4 Nd5 8. Nxd5 Qxd5 9. Qd2 0-0 10. Bc4 Qe4+ 11. Kf1 Nc6 12. Re1 Qxd4 13. Qxd4 Nxd4 14. Nxf7 Rxf7 15. Rxe7 Be6 16. Rxe6 b5 17. Bd5 Rd8 18. Re5 Bxe5 19. Bxf7+ Kxf7 20. Bxe5 Nc6 21. Bc3 Rd1+ 22. Be1 Rb1 23. b3 Nb4 24. Ke2 Nxc2 25. Kd2 Nd4 26. h4 c5 27. h5 g5 28. Rh3 Rb2+ 29. Kd3 Rxa2 30. Bc3 Ne6 31. Rf3+ Nf4+ 32. Ke4 Ke6 33. Rg3 h6 34. Bh8 b4 35. Re3 Nxg2 36. Rd3 Rxf2 37. Rd8 g4 38. Rc8 Rf4+ 39. Kd3 g3 40. Rc6+ Kd5 41. Rxh6 Rf3+ 42. Kd2 Rf2+ 43. Kd3 Ne1+ 44. Ke3 Nc2+ 45. Kd3 g2 46. Rg6 Ne1+ 47. Ke3 Rf1 48. Rg5+ Kc6 0-1

[Event "UZB-ch 1st league"]
[Site "Tashkent"]
[Date "2013.03.12"]
[Round "2"]
[White "Rustamov, Alisher"]
[Black "Begmuratov, Alisher"]
[Result "1-0"]
[WhiteElo "2226"]
[BlackElo "2178"]
[PlyCount "51"]
[EventDate "2013.03.11"]
[EventType "tourn"]
[EventRounds "13"]
[EventCountry "UZB"]
[SourceTitle "EXT 2014"]
[Source "ChessBase"]
[SourceDate "2013.11.20"]
[SourceVersion "1"]
[SourceVersionDate "2013.11.20"]
[SourceQuality "1"]

1. e4 e5 2. Nc3 Nc6 3. g3 Nf6 4. Bg2 Bc5 5. d3 d6 6. Na4 Bb6 7. Nxb6 axb6 8. Nf3 Be6 9. a3 h6 10. 0-0 Qd7 11. Nh4 g5 12. Nf5 Bxf5 13. exf5 0-0-0 14. Bd2 Kb8 15. a4 d5 16. b4 e4 17. b5 Na5 18. Qe1 exd3 19. Bxa5 bxa5 20. Qxa5 dxc2 21. Rfc1 d4 22. Rxc2 Ne8 23. b6 cxb6 24. Qxb6 d3 25. Bxb7 Qd4 26. Rc8+ 1-0

[Event "UZB-ch 1st League"]
[Site "Tashkent"]
[Date "2012.04.15"]
[Round "4"]
[White "Aliyev, Kosim"]
[Black "Rustamov, Alisher"]
[Result "1-0"]
[WhiteElo "2087"]
[BlackElo "2205"]
[PlyCount "67"]
[EventDate "2012.04.12"]
[EventType "tourn"]
[EventRounds "9"]
[EventCountry "UZB"]
[SourceTitle "EXT 2013"]
[Source "ChessBase"]
[SourceDate "2012.11.22"]
[SourceVersion "1"]
[SourceVersionDate "2012.11.22"]
[SourceQuality "1"]

1. d4 d6 2. Nf3 g6 3. e3 Bg7 4. Be2 Nf6 5. 0-0 0-0 6. b3 Nc6 7. Bb2 e5 8. c4 h6 9. Nc3 Nh7 10. Qd2 Ng5 11. dxe5 Nxf3+ 12. Bxf3 Nxe5 13. Be2 Be6 14. f4 Nc6 15. Bf3 Qd7 16. Rad1 Rad8 17. Nd5 f5 18. e4 Qf7 19. Rde1 Rde8 20. e5 dxe5 21. fxe5 Rd8 22. Qf2 g5 23. Nf6+ Kh8 24. Bxc6 Bxf6 25. exf6 bxc6 26. Qxa7 Ra8 27. Qc5 Rxa2 28. Rf2 Kg8 29. Qxc6 Re8 30. Rfe2 Rf8 31. Be5 Rxe2 32. Rxe2 Rd8 33. Bxc7 Rd1+ 34. Kf2 1-0

[Event "UZB-ch 1st League"]
[Site "Tashkent"]
[Date "2012.04.14"]
[Round "3"]
[White "Alikulov, Elbek"]
[Black "Rustamov, Alisher"]
[Result "1-0"]
[WhiteElo "2283"]
[BlackElo "2205"]
[PlyCount "73"]
[EventDate "2012.04.12"]
[EventType "tourn"]
[EventRounds "9"]
[EventCountry "UZB"]
[SourceTitle "EXT 2013"]
[Source "ChessBase"]
[SourceDate "2012.11.22"]
[SourceVersion "1"]
[SourceVersionDate "2012.11.22"]
[SourceQuality "1"]

1. e4 d6 2. d4 Nf6 3. Nc3 g6 4. f4 Bg7 5. Nf3 0-0 6. Bd3 Nc6 7. 0-0 e5 8. fxe5 dxe5 9. d5 Nb4 10. Be2 a5 11. Bg5 Qd6 12. a3 Na6 13. Kh1 Bd7 14. Nd2 Ne8 15. Nc4 Qc5 16. d6 b5 17. Be3 Qc6 18. Nxa5 Qxd6 19. Nxb5 Qe7 20. Nc3 Nd6 21. Nc4 f5 22. Nd5 Qd8 23. Nxd6 cxd6 24. Nb6 Bc6 25. Nxa8 Qxa8 26. Bc4+ Kh8 27. Bd5 fxe4 28. Rxf8+ Bxf8 29. c4 Nc7 30. Bxc6 Qxc6 31. Qf1 Kg8 32. Qf6 Qe8 33. b4 Ne6 34. b5 Nf4 35. Bxf4 Bg7 36. Qxd6 exf4 37. Re1 1-0